000 00337nam a2200145Ia 4500
008 230312s9999||||xx |||||||||||||| ||und||
082 _a658.40
_bFIT-B
100 _aFitz-Simon Stephen .
245 0 _aBeing the Boss
260 _bSudha Publications
_aIndia
_c1993
300 _a112
546 _aEng.
650 _aManagement
942 _cBK
999 _c685
_d685